[Event "HCL-E1512"]
[Site "www.playchess.de"]
[Date "2006.02.19"]
[Round "5"]
[White "Groucho_hunter"]
[Black "Inge_Heumann"]
[WhiteElo "1777"]
[BlackElo "1685"]
[PlyCount "92"]
[Result "1/2-1/2"]

1.e4 {Grüße aus Stuttgart und ein schönes Spiel!}  
e6 {Hallo aus Oberbayern! Viel Erfolg (vor allem 
am Samstag!)!}  2.d4 {Ach so, klar: Bayern, 
Magath, Lederhosenausziehn und so...ich hoffe 
bloß, dass meine Außenseiterchancen besser sind 
als die vom VfB!}  d5 {Ich lese 
Außenseiterchancen, stell Dein Licht nicht untern 
Scheffel}  3.Bd3 {Tu ich nicht, hab nur 
festgestellt, dass deine DWZ besser ist als 
meine...Sie sind überführt, Herr Doktor, gestehen 
Sie! Im übrigen habe ich mit Genugtuung gelesen, 
dass du als Neobayer kein Bayern-Fan bist. Tippe 
eher auf HSV...oder KSC?}  c5 {Also HSV, aber 
woher kennst Du mich? So viele Andeutungen habe 
ich noch nicht machen können...}  4.dxc5 {Meinst 
du? Die einen studieren die Züge, die andern die 
Kommentare - playchess speichert beides. (Deine 
Doktorarbeit hab ich aber nur flüchtig 
durchgelesen, Chemie war nie mein Ding...)}  Bxc5 
{Da bin ich aber baff! Was ich mache, weißt Du ja 
- was machst Du?}  5.exd5 {Wohnungen verwalten, 
Mieten erhöhen und Handwerkern in den Hintern 
treten. Und ganz wichtig: Die Kehrwoche überwachen 
;-) Auch da muss die Chemie stimmen, aber eher im 
zwischenmenschlichen Bereich.}  Qxd5 6.Nf3 Bd7 {Da 
machst Du jetzt aber keine Werbung für Deinen 
Berufsstand :-)}  7.Nc3 {Naja, im Grunde sind wir 
ja gemeinnützig und haben haufenweise Wohnungen 
für Senioren, Familien und sozial 
Schwache...fristlos gekündigt werden nur 
Frauenschläger, Drogendealer und volltrunkene 
Hausmeister. Mit Chemikern hab ich noch keine 
erfahrungen!}  Bb4 {Du kannst mir glauben, dass 
sind die liebsten Menschen! Sie tun soviel 
Gutes...;-)}  8.Bd2 {Ja, die Chemiker...die eine 
Hälfte schmuggelt das Gift in den Körper, die 
andere weist es nach - so haben beide zu tun. Ich 
will dir mal glauben, dass du zu den Guten 
gehörst, aber nur solange du keine vergifteten 
Züge machst!}  Qh5 {Das ist nett von Dir! Was 
machst Du außer Schachspielen noch in Deiner 
Freizeit?}  9.Ne4 {Das übliche: Lesen, Joggen, 
Fernsehen (wobei ich die ersten beiden stark 
vernachlässige...) Ab und zu ein Gedicht, aber nur 
Gebrauchslyrik.}  Be7 10.Bf4 Nf6 {Oh, so ein 
vergeistigter Gegner! Das erhöht meine Angst noch 
weiter - man sieht es an den schwachen 
Zügen...;-)}  11.Nd6+ {"Heu Mann, ich lass dich eh 
leben!" Meine Kalauer sind noch gefürchteter als 
meine Reime...Aber im Ernst: Mit Inge könnt ich 
Mitleid haben, Ingo darf nicht auf Gnade hoffen. 
Such´s dir raus ;-)}  Bxd6 12.Bxd6 Nc6 {Dann kann 
ich nur um Gnade winseln...}  13.O-O {bisschen 
lauter, ich hör nix...hast du eigentlich 
irgendeine Beziehung zur Pferdezucht? Hannoveraner 
zum Beispiel?}  Rd8 14.Qe2 Bc8 {Pferde sind mir - 
wie viele andere Tiere auch - völlig fremd!}  
15.Ba3 {Geht mir genauso, die Viecher auf dem 
Schachbrett verlangen schon genügend 
Aufmerksamkeit...ich fragte nur, weil google 
behauptet, Inge Heumann züchtet leidenschaftlich 
gern Pferde. Da siehst du was du für falsche 
Spuren legst!}  Nd5 16.Bb5 Bd7 {Wer nennt sein 
Kind Inge Heumann??? Ich wünsche Dir einen guten 
Rutsch!}  17.Rad1 {Die Frage ist berechtigt, ich 
dachte, du könntest mir die Antwort 
liefern...gutes Neues!}  Nf4 {Ein frohes neues 
Jahr wünsche ich Dir! Bist Du gut reingekommen?}  
18.Qc4 {Ich hatte Grippe, drum hab ich daheim mit 
3 Kumpels gefeiert: Aspirin, ratiopharm und 
Sinupret forte. Bekannte von dir?
}  Qg4 {Dass Du krank warst tut mir leid, aber 
dass mit Ratiopharm solltest Du überdenken - ich 
arbeite bei Hexal :-)}  19.g3 {ich bin bei allen 
Pharmafirmen ein schlechter Kunde, bin nur alle 5 
Jahre mal richtig krank. Normalerweise kuriere ich 
alles mit kaffee. Funktioniert ganz gut.}  Qxf3 
20.Qxf4 Qxf4 21.gxf4 Nd4 {Jetzt gefällt mir die 
Stellung etwas besser ;-)}  22.Rxd4 {mir nicht. 
Ich spiel lieber mit Damen, aber deine Inge wurde 
meinem König zu gefährlich...}  Bxb5 23.Rfd1 Rxd4 
{Damen sind natürlich besser, aber meine Stellung 
war bedenklich!}  24.Rxd4 Bc6 25.b4 h5 26.c4 a6 
{Bei uns ist es zwar sonnig, aber lausig kalt - 
bei Euch besser?}  27.Kf1 {wenn ich morgens ins 
Büro gehe ist es lausig kalt, wenn ich es abends 
verlasse, genauso. Wenn es zwischendurch sonnig 
war, hab ich es nicht mitbekommen. Ist grad viel 
zu tun.}  Rh6 28.Rd3 Rf6 {Wo kommst Du eigentlich 
her, bzw. bist Du jetzt zuhause?}  29.Bc1 {In 
Stuttgart geboren, aufgewachsen, zur Schule 
gegangen, ausgebildet und angestellt. Und die 
letzten 38 Jahre dort wohnhaft. Nicht besonders 
aufregend, aber ich tröste mich mit Kant. Der soll 
auch nie aus Königsberg rausgekommen sein.}  Be4 
30.Rh3 Rg6 31.Re3 Bf5 32.Bb2 Rg4 33.Be5 f6 34.Bb8 
{Super homepage habt ihr, das muss ich schon 
sagen...und jede Menge aktive junge Leute (Neid!) 
dass einem um die Rente schon fast nicht mehr 
bange ist. Schätze du gehörst zu den älteren 
Schachelschweinen - in meinem Verein gehöre ich 
noch zu den Jungen!}  g5 {Ja, ich bin Stolz auf 
meine "Nachfolger". Leider kann ich kaum noch 
aktiv sein, aber ich habe den Verein mitbegründet. 
Wir wollten schon immer mehr ein Jugendtreff denn 
ein Schachverein sein. Der Erfolg gibt uns recht!} 
 35.Rg3 {Wie sieht´s aus mit Turniererfolgen? 
Spielst du nur Mannschaftskämpfe?}  Rxg3 {Ich 
spiele eigentlich nur noch Mannschaftskämpfe - 
aber leider auch nur 2-3 pro Jahr. Hamburg ist 
halt nicht um die Ecke...}  36.fxg3 {verstehe. Als 
Schachelschwein in der süddeutschen Diaspora hat 
man es sicher nicht leicht...in der bayerischen 
Liga zu spielen verbietet wohl der Hamburger 
Moralkodex: Einmal Schwein, immer Schwein oder so 
ähnlich?}  Bd3+ {Für mich war Schach auch immer 
Jugendarbeit und Engagement und für so etwas habe 
ich keine rechte Zeit mehr - also lieber weniger 
Schachverein und nette Erinnerungen!!}  37.Kf2 
{Gesunde Einstellung. Hast du auch nette 
Erinnerungen an Remispartien mit ungleichfarbigen 
Läufern?}  Bxc4 {Alles was kein Erfolg ist, 
verdränge ich sofort :-) - das hat aber zur Folge, 
dass ich nicht besser werde, ich lerne ja nicht 
aus Fehlern...}  38.fxg5 {und das sagt ein 
Arzneimittelprüfer? Das muss einem ja himmelangst 
werden!}  fxg5 39.a4 a5 40.bxa5 Kf7 41.Ke3 Kf6 
42.h4 Bd5 43.hxg5+ Kxg5 44.Kd4 Kf6 {Entschuldige, 
dass ich länger nichts geschrieben habe. Habe nur 
immer schnell gezogen. Wenn Dich Fußball nicht 
interessiert, interessieren Dich denn die 
olympischen Winterspiele?}  45.Bd6 {ich fahr 
selber Ski, aber die meisten Wintersportarten sind 
langweilig anzuschauen (wenn nicht grad einer 
stürzt) - kaum zu erkennen, wer da schneller, 
weiter oder eleganter war. Guter Fußball hat 
dagegen was von Schach: Konter, Zentrum, 
Flügelspiel...}  Kf5 {Ich finde Biathlon klasse - 
aber Fußball bleibt trotzdem die Hauptsportart!}  
46.Bc7 {Abgesehen davon, dass mir als Pazifist der 
militärische Hintergrund missfällt, finde ich die 
Kombination an sich ganz witzig. Das ist so wie 
wenn man beim Schach für jeden ausgelassenen 
Bauerngewinn eine Strafrunde Hanteltraining machen 
müsste :-)}  Bc6 {(offering draw) Ich biete Dir 
mal Remis an - war sehr nett mit Dir!} 
 1/2-1/2

[Event "HCL-C4162"]
[Site "www.playchess.de"]
[Date "2006.02.19"]
[Round "7"]
[White "Innessa"]
[Black "Henri"]
[WhiteElo "897"]
[BlackElo "769"]
[PlyCount "67"]
[Result "1-0"]

1.Nf3 {Bonjour !}  d5 {Bonjour et Bonne partie}  
2.Nc3 Nf6 3.d4 {How do You do ?}  e6 4.Bg5 Bd6 
{Fine and you ? it's un great pleasure to ply with 
you}  5.e3 {This winter is very frost  - 30 grad. 
C ! 
I want the spring !    : )}  O-O {lol yes, vive le 
printemps ;-))}  6.Bd3 {I look the biathlon from 
Tourino, do You look any sport ?}  Nc6 {trop froid 
;-)))}  7.a3 {What ?  : )}  e5 {I joked-) 
Yesterday, I looked at the first medal for France: 
one of Bronze in the girls in "bump"}  8.O-O {Do 
You look the figure scating ? I like Brian 
Joubert, he is the best !}  e4 {Not, I looked at 
"by chance"; -))}  9.Bb5 {Henri, are You from the 
family LEMIERRE ,they made first film ?}  a6 {no, 
no they are brothers LUMIERE and not LEMIERRE 
.6°°}  10.Bxc6 {Ach !   : ) What have You as the 
work ?}  bxc6 11.Nh4 c5 12.Bxf6 {Answer me please 
!}  Qxf6 {I have no work at tis moment :-( And you 
?}  13.g3 {I can read later. We have any problems 
at this winter .}  Bh3 14.Nxd5 Qg5 15.Re1 Be6 
16.Nf4 Bd7 17.dxc5 Qxc5 18.b4 {: )}  Qc4 {désolé 
;-)
}  19.Rb1 {English, please !}  a5 {OK ;-)}  
20.bxa5 Rxa5 21.Qc1 Bxa3 22.Qd2 Raa8 {Bravo !! 
Very good !!}  23.Qxd7 {Yes, little mistake from 
black .}  Rac8 24.Rb7 Qa6 25.Qd5 Rfe8 26.Rbb1 Bd6 
27.Nh3 Re5 28.Qd1 g5 {Hello, how are today ?}  
29.f4 {Thank`s, all is well , and You ?}  Rc5 {me 
too ;-))}  30.Nxg5 Be7 31.Qg4 Rxc2 32.Nf5 Bf6 
{Bravo !! Goood !!!}  33.Nxe4+ {Thank`s, I shall 
better play !  : )}  Bg7 34.Qxg7+ {Thank You very 
much !}  1-0

[Event "HCL-E1569"]
[Site "www.playchess.de"]
[Date "2006.02.19"]
[Round "24"]
[White "Tarrega"]
[Black "hal1958"]
[WhiteElo "1594"]
[BlackElo "1431"]
[PlyCount "98"]
[Result "1/2-1/2"]

1.e4 {hello again}  e5 {hi, have a nice game}  
2.d4 exd4 3.Nf3 c5 4.Bc4 Qe7 5.O-O Nc6 6.c3 g6 
7.e5 Bg7 8.Bg5 Qf8 9.cxd4 cxd4 10.Nxd4 Nge7 11.Nb5 
Bxe5 12.f4 Bxb2 13.Nd6+ Kd8 14.Nxf7+ Ke8 15.Bh6 
Bg7 16.Bxg7 Qxg7 17.Na3 Rf8 18.Nd6+ Kd8 19.Kh1 a6 
20.Rc1 Nf5 21.Rf3 Qd4 22.Nxc8 Rxc8 23.Rd3 Qg7 
24.Be6 Nfd4 25.Bh3 Rxf4 26.Rc5 Nb4 27.Rxc8+ Kxc8 
28.Qc1+ Kd8 29.Qxf4 Nxd3 30.Qb8+ Ke7 31.Qg3 Nb4 
32.Qg4 Kd8 33.Qg5+ Qe7 34.Qd2 Nbc6 35.Nc4 Qe2 
36.Qg5+ Qe7 37.Qd2 Qf6 38.Qd1 Qf7 39.Nb6 Qxa2 
40.Nxd7 Qe2 41.Qa1 Nf5 42.Nc5 Kc7 43.Bxf5 gxf5 
44.Qb1 Nb4 45.h3 a5 46.Qxf5 Qd1+ 47.Kh2 Qd6+ 
48.Kh1 Qd1+ 49.Kh2 Qd6+ {(offering draw)} 
 1/2-1/2

[Event "HCL-C4016"]
[Site "www.playchess.de"]
[Date "2006.02.19"]
[Round "9"]
[White "newplayer"]
[Black "valpa"]
[WhiteElo "1085"]
[BlackElo "1034"]
[PlyCount "112"]
[Result "0-1"]

1.e4 Nf6 2.f3 e5 3.d3 Be7 4.Bg5 d6 5.Bxf6 Bxf6 
6.g3 O-O 7.h4 Re8 8.Bh3 Bxh3 9.Nxh3 d5 10.Nc3 dxe4 
11.Nxe4 Nc6 12.Qe2 Nd4 13.Qf2 b6 14.O-O-O Be7 
15.h5 Bc5 16.Nxc5 bxc5 17.c3 Nc6 18.Qxc5 Nb8 
19.Rhe1 f6 20.f4 Nd7 21.Qd5+ Kh8 22.fxe5 Nxe5 
23.Qxd8 Raxd8 24.d4 Nc6 25.Rxe8+ Rxe8 26.Kd2 Nd8 
27.Re1 Rxe1 28.Kxe1 Kg8 29.a4 Kf7 30.d5 Ke7 31.g4 
Kd6 32.c4 Kc5 33.b3 Kb4 34.g5 fxg5 35.Nxg5 h6 
36.Ne6 Nf7 37.Nxg7 Kxb3 38.Ne6 Kxa4 39.Nxc7 Kb4 
40.Ke2 Kxc4 41.Ke3 a5 42.Kf4 a4 43.Kf5 a3 44.Kg6 
Nd6 45.Kxh6 a2 46.Kg6 a1Q 47.h6 Qg1+ 48.Kf6 Qd4+ 
49.Ke7 Qh4+ 50.Kxd6 Qxh6+ 51.Kd7 Kc5 52.Kc8 Kb6 
53.Ne6 Qh8+ 54.Nd8 Qc3+ 55.Kd7 Qc7+ 56.Ke8 
Qe5+ 0-1

[Event "HCL-B3865"]
[Site "www.playchess.de"]
[Date "2006.02.19"]
[Round "3"]
[White "indi74"]
[Black "DOSANJOS"]
[WhiteElo "1200"]
[BlackElo "1200"]
[PlyCount "31"]
[Result "1-0"]

1.e4 e5 2.Nf3 Qe7 3.d4 d6 4.Nc3 Nf6 5.Bg5 g6 6.Nd5 
Qe6 7.Nxc7+ Kd7 8.Nxe6 Kxe6 9.Bc4+ Ke7 10.dxe5 
dxe5 11.Nxe5 Be6 12.Qd4 Nbd7 13.Nxd7 Bxd7 14.Qxf6+ 
Ke8 15.Qe5+ Be7 16.Qxe7+ 1-0

[Event "ACL-A612"]
[Site "www.playchess.de"]
[Date "2006.02.19"]
[Round "20"]
[White "M_L"]
[Black "Fred31"]
[WhiteElo "1500"]
[BlackElo "1601"]
[PlyCount "55"]
[Result "1-0"]

1.e4 e5 2.Bc4 Nf6 3.d3 Nc6 4.Nf3 h6 5.Nc3 a6 6.d4 
d6 7.dxe5 dxe5 8.Qxd8+ Nxd8 9.Nxe5 Be6 10.O-O Bxc4 
11.Nxc4 Ne6 12.a4 b6 13.e5 Nd7 14.Be3 Bc5 15.Bxc5 
Ndxc5 16.b4 Nb7 17.Nd5 O-O 18.f4 Nd4 19.Rfd1 Ne6 
20.f5 Ng5 21.Nxc7 Rac8 22.Rd7 a5 23.Nxb6 Rcd8 
24.bxa5 Nxa5 25.e6 fxe6 26.fxe6 Rxd7 27.Nxd7 Rc8 
28.e7 1-0

[Event "HCL-A2543"]
[Site "www.playchess.de"]
[Date "2006.02.19"]
[Round "18"]
[White "GCP"]
[Black "spongebobby"]
[WhiteElo "1451"]
[BlackElo "1273"]
[PlyCount "50"]
[Result "0-1"]

1.e4 {hello from Rome, have a good game}  e5 
{hello from würzburg, germany, have a nice game, 
too}  2.Nf3 Nc6 3.d4 d6 4.Nc3 Bg4 5.dxe5 dxe5 
6.Qxd8+ Rxd8 7.Bb5 Bxf3 8.gxf3 Bb4 9.Bxc6+ bxc6 
10.Bd2 Ne7 11.O-O-O O-O 12.a3 Bxc3 13.Bxc3 f6 
14.Ba5 Rdc8 15.Rd7 Rf7 16.Bxc7 Ng6 17.Rhd1 Rxc7 
18.Rxf7 {!!!}  Rxf7 {???}  19.Rd8+ {I've simply 
forgot my bishop !!!}  Rf8 {i see! i do so more 
often than i would like}  20.Rd6 Rc8 21.Rd7 a5 
22.Ra7 Nf4 23.Rxa5 Ne2+ 24.Kd2 Nd4 25.c4 
Nb3+ 0-1

[Event "HCL-A2543"]
[Site "www.playchess.de"]
[Date "2006.02.19"]
[Round "9"]
[White "mrchess"]
[Black "spongebobby"]
[WhiteElo "1503"]
[BlackElo "1273"]
[PlyCount "66"]
[Result "0-1"]

1.d4 {good luck}  d5 {have a nice game}  2.e3 f6 
3.Bd3 e5 4.Qh5+ Kd7 5.Bxh7 Nh6 6.Qg6 exd4 7.exd4 
Qe7+ 8.Ne2 Nc6 9.c3 b6 10.Qd3 g5 11.O-O Rxh7 
12.Bd2 a5 13.Ng3 Ba6 14.Qc2 Bxf1 15.Kxf1 Ng4 16.h3 
Nh6 17.Be3 Re8 18.Nd2 g4 19.Bxh6 Rxh6 20.Nf5 Qe2+ 
21.Kg1 Rh8 22.Ng3 Qe6 23.hxg4 Qxg4 24.Nf3 Bd6 
25.Nf5 Reg8 26.N5h4 Rxh4 27.Nxh4 Qxh4 28.Qf5+ Kd8 
29.Qxd5 Qh2+ 30.Kf1 Ne7 31.Qa8+ Kd7 32.Qa6 Qh1+ 
33.Ke2 Qxa1 0-1

[Event "HCL-C4098"]
[Site "www.playchess.de"]
[Date "2006.02.19"]
[Round "4"]
[White "valpa"]
[Black "nichju"]
[WhiteElo "1085"]
[BlackElo "1010"]
[PlyCount "63"]
[Result "1-0"]

1.b4 {Willkommen zur neuen Partie}  d5 2.Bb2 Nc6 
{Hi, viel Glück}  3.b5 Nd4 4.Bxd4 Bd7 5.e3 f6 
6.Qh5+ g6 7.Qxd5 c6 8.Qb3 cxb5 9.Bxb5 Rc8 10.Bxd7+ 
Qxd7 11.Nf3 b6 12.O-O e5 13.Bb2 h5 14.d3 Ne7 
15.Nbd2 Bh6 16.Ne4 f5 17.Nf6+ Kd8 18.Nxd7 Kxd7 
19.Nxe5+ Kd6 20.Nf7+ Kd7 21.Nxh8 Rxh8 22.Bxh8 f4 
23.Qb5+ Kc7 24.exf4 Bxf4 25.Qc4+ Kb7 26.Qxf4 Nd5 
27.Qf7+ Kc6 28.Qxg6+ Kc5 29.d4+ Kc4 30.Qc6+ Kb4 
31.Qxd5 a5 32.Qb3+ 1-0

[Event "HCL-B3858"]
[Site "www.playchess.de"]
[Date "2006.02.19"]
[Round "5"]
[White "seisan"]
[Black "djpnola"]
[WhiteElo "1392"]
[BlackElo "1109"]
[PlyCount "69"]
[Result "1-0"]

1.d4 d5 {hello
}  2.Nf3 {hello.good tournament to you.}  Nc6 
{Yes, you too.
}  3.Bf4 Bf5 4.a3 Nf6 5.e3 e6 6.Nbd2 Bd6 7.Bxd6 
Qxd6 8.Bb5 O-O-O 9.c3 a6 10.Ba4 Bg4 11.O-O b5 
12.Bc2 Ne4 13.Nxe4 dxe4 14.Bxe4 f5 15.Bd3 h6 16.h3 
Bxf3 17.Qxf3 h5 18.b4 g5 19.a4 g4 20.Qg3 Qxg3 
21.fxg3 gxh3 22.axb5 axb5 23.Bxb5 Nb8 24.c4 c6 
25.Ba6+ Nxa6 26.Rxa6 hxg2 27.Kxg2 Kb7 28.Rfa1 Rhg8 
29.c5 h4 30.R6a7+ Kc8 31.R7a8+ Kd7 32.R1a7+ Ke8 
33.Rxd8+ Kxd8 {Good combination 
there.
}  34.Ra8+ {thanks}  Ke7 35.Rxg8 1-0

[Event "HCL-C3952"]
[Site "www.playchess.de"]
[Date "2006.02.19"]
[Round "30"]
[White "Idris"]
[Black "Xav"]
[WhiteElo "885"]
[BlackElo "1173"]
[PlyCount "66"]
[Result "0-1"]

1.e4 e5 {Hello! Good game!}  2.d3 {Hello, best of 
luck}  Nc6 3.Be3 d6 4.Be2 Nf6 5.Nd2 Be7 6.Ngf3 O-O 
7.O-O Bg4 8.Ng5 Bxe2 9.Qxe2 h6 10.Ngf3 Nh5 11.Nc4 
f5 12.exf5 Rxf5 13.Qd2 Nf4 14.Bxf4 Rxf4 15.Ne3 Bg5 
16.Nd5 Rxf3 17.Ne3 Rf7 18.Qc3 Qd7 19.Nd5 Raf8 
20.f3 a5 21.Rfe1 Bd8 22.Re4 Ne7 23.Nxe7+ Rxe7 
24.Qe1 Rf4 25.Qxa5 c6 26.Qd2 b5 27.Rxf4 exf4 
28.Qxf4 Re2 29.Kf1 Qe6 30.Qc1 Bb6 31.b3 Rf2+ 
32.Kg1 Rxc2+ 33.Kf1 Qe2+ 0-1

[Event "HCL-E1544"]
[Site "www.playchess.de"]
[Date "2006.02.19"]
[Round "10"]
[White "Matu"]
[Black "mrchess"]
[WhiteElo "1494"]
[BlackElo "1418"]
[PlyCount "135"]
[Result "1/2-1/2"]

1.Nf3 Nf6 2.b3 Nc6 3.Bb2 d5 4.g3 Bg4 5.Bg2 e6 
6.O-O Be7 7.h3 Bxf3 8.Bxf3 O-O 9.e3 Nd7 10.d4 Nf6 
11.Nd2 Bd6 12.c4 Re8 13.c5 Bf8 14.a3 Ne7 15.b4 c6 
16.a4 Ng6 17.Qe2 e5 18.dxe5 Nxe5 19.Bg2 g6 20.Bxe5 
Rxe5 21.Nf3 Re8 22.Nd4 Bg7 23.Qd3 Ne4 24.Rab1 Qf6 
25.Bxe4 Rxe4 26.b5 Bf8 27.Rfc1 Kg7 28.bxc6 bxc6 
29.Qa6 Ree8 30.Qxc6 Qxc6 31.Nxc6 Rec8 32.Ne5 Rxc5 
33.Rxc5 Bxc5 34.Rb7 Rf8 35.Nd7 Rc8 36.Nxc5 Rxc5 
37.Rxa7 Rc4 38.a5 d4 39.exd4 Rxd4 {(offering 
draw)}  40.Ra8 Ra4 41.a6 h5 42.a7 g5 43.Kg2 f5 
44.Kf3 g4+ 45.hxg4 hxg4+ 46.Ke3 Kh7 47.Kd3 Kg7 
48.Kc3 Kh7 49.Kb3 Ra6 50.Kb4 Kg7 51.Kb5 Ra1 52.Kb6 
Rb1+ 53.Kc6 Ra1 54.Kd6 Ra6+ 55.Ke5 Ra2 56.Kxf5 
Rxf2+ 57.Kxg4 Ra2 58.Kh4 Ra5 59.g4 Ra4 60.Kh5 Ra5+ 
61.g5 Ra4 62.g6 Ra5+ 63.Kg4 Ra6 {(offering draw)}  
64.Kf5 Ra5+ 65.Ke6 Ra6+ 66.Kd5 Ra5+ 67.Kc6 Ra1 
68.Kb6 {(offering draw)}  1/2-1/2

[Event "HCL-E1570"]
[Site "www.playchess.de"]
[Date "2006.02.19"]
[Round "2"]
[White "Fantaw"]
[Black "alldrix"]
[WhiteElo "1665"]
[BlackElo "1624"]
[PlyCount "76"]
[Result "0-1"]

1.e4 e6 2.d4 {Hi! Good luck!!}  d5 3.Nd2 Nf6 4.e5 
Nfd7 5.f4 c5 6.c3 Nc6 7.Ngf3 cxd4 8.cxd4 Be7 9.Nb3 
O-O 10.Bd3 f5 11.h4 h6 12.a3 Nb6 13.Nbd2 Bd7 14.b3 
Rc8 15.Bb2 Qe8 16.h5 Qd8 17.Ke2 Na8 18.Qg1 Nc7 
19.g4 fxg4 20.Qxg4 Be8 21.Rag1 Bf6 22.exf6 Qxf6 
23.Ne5 Ne7 24.Ng6 Rf7 25.Nxe7+ Rxe7 26.Nf3 Nb5 
27.Ne5 Rec7 28.Rgc1 R7xc1 29.Rxc1 Rxc1 30.Bxc1 
Nxd4+ {ah, thanks for the another game :)}  31.Ke3 
Nxb3 32.Bb2 Nc5 33.Nc4 Qe7 34.Nd6 Nxd3 35.Nxe8 
Nxb2 36.Nxg7 {i make a mistake!}  Qxg7 37.Qxe6+ 
Kh8 38.Qxd5 Qc3+ 0-1

[Event "HCL-M876"]
[Site "www.playchess.de"]
[Date "2006.02.19"]
[Round "9"]
[White "ipakris"]
[Black "reddog"]
[WhiteElo "2267"]
[BlackElo "1844"]
[PlyCount "79"]
[Result "1-0"]

1.e4 Nf6 2.e5 Nd5 3.d4 d6 4.Nf3 g6 5.Bc4 Nb6 6.Bb3 
Bg7 7.a4 a5 8.Qe2 Nc6 9.O-O O-O 10.h3 dxe5 11.dxe5 
Nd4 12.Nxd4 Qxd4 13.Re1 Bf5 14.Nc3 Qh4 15.Be3 Bxe5 
16.Bg5 Qxg5 17.Qxe5 Nd7 18.Qxe7 Qxe7 19.Rxe7 Nc5 
20.Rxc7 Rac8 21.Rxc8 Rxc8 22.Rd1 Nxb3 23.cxb3 Be6 
{(offering draw)}  24.Rd6 {It´s drawish and a 
booring endgame, but also a very tough group so I 
persevere a while...;-)}  Bxb3 25.Rb6 Bc4 26.Rxb7 
Rc6 27.Ra7 Ra6 28.Rc7 Be6 29.Rb7 f5 30.f4 h6 
31.Kf2 Rd6 32.g3 Rd2+ 33.Ke3 Rh2 34.h4 Rg2 35.Kd4 
Rxg3 36.Ke5 Bc4 37.Kf6 Kh8 38.Ra7 Rg4 39.Rxa5 Rxf4 
40.Kxg6 1-0

[Event "HCL-C4109"]
[Site "www.playchess.de"]
[Date "2006.02.19"]
[Round "4"]
[White "kolmar"]
[Black "Dereck"]
[WhiteElo "985"]
[BlackElo "1344"]
[PlyCount "53"]
[Result "1-0"]

1.e4 e5 2.Nf3 Nc6 3.Bc4 f6 4.O-O Bc5 5.Nh4 d6 
6.Nc3 g5 7.Nf5 Bxf5 8.exf5 Nd4 9.d3 Qd7 10.Qh5+ 
Kd8 11.Bb3 Nxf5 12.Ne4 Bb6 13.Be3 Nxe3 14.fxe3 
Bxe3+ 15.Kh1 f5 16.Nxg5 Nf6 17.Nf7+ Ke7 18.Qf3 f4 
19.Nxh8 Rxh8 20.Rae1 Rf8 21.g3 Qc6 22.Qxc6 bxc6 
23.gxf4 Bd4 24.c3 Bc5 25.fxe5 dxe5 26.Rxe5+ Kd8 
27.Rxc5 1-0

[Event "HCL-A2362"]
[Site "www.playchess.de"]
[Date "2006.02.19"]
[Round "23"]
[White "ados99"]
[Black "G501"]
[WhiteElo "1368"]
[BlackElo "1469"]
[PlyCount "101"]
[Result "1-0"]

1.e4 e5 2.Nf3 Nc6 3.Bb5 a6 4.Bxc6 dxc6 5.O-O Bg4 
6.h3 Bh5 7.c3 Bc5 8.g4 Bg6 9.Nxe5 Bxe4 10.Qe2 f5 
11.d3 Qe7 12.d4 Bd6 13.f3 Bd5 14.Re1 fxg4 15.fxg4 
O-O-O 16.Bf4 Qh4 17.Qe3 Qe7 18.c4 Be6 19.c5 Bxe5 
20.Bxe5 Nf6 21.Bxf6 Qxf6 22.Qxe6+ Qxe6 23.Rxe6 
Rxd4 24.Nc3 g5 25.Rae1 Kd8 26.Rd1 Rxd1+ 27.Nxd1 h5 
28.Rg6 hxg4 29.Rxg5 Rxh3 30.Rxg4 Rh8 31.Rg7 Re8 
32.Kf2 Kc8 33.Nc3 Rd8 34.Ke2 b6 35.Ne4 Re8 36.Kd3 
b5 37.b4 Rh8 38.Kc3 Rh3+ 39.Kb2 Rh4 40.Re7 Rh2+ 
41.Kb3 Kd8 42.Rg7 Kc8 43.a3 Rh3+ 44.Rg3 Rh6 45.Nf2 
Rh5 46.a4 Rh2 47.Nd3 Rh5 48.Re3 Rh8 49.axb5 axb5 
50.Kc3 Rh5 51.Kd4 1-0

[Event "HCL-B3863"]
[Site "www.playchess.de"]
[Date "2006.02.19"]
[Round "3"]
[White "matthew"]
[Black "Nutjob"]
[WhiteElo "1314"]
[BlackElo "1200"]
[PlyCount "42"]
[Result "0-1"]

1.e4 {hi}  e5 {Hi, I wish you a good game.}  2.d4 
{yeh, you to!}  exd4 3.Qxd4 Nc6 4.Qd1 Bc5 5.Nf3 
Nf6 6.Bg5 Bxf2+ 7.Kxf2 Nxe4+ 8.Kg1 Nxg5 9.Nxg5 
Qxg5 10.Qe1+ Ne7 11.Bd3 O-O 12.Nd2 d5 13.Nf3 Qf6 
14.b3 Bg4 15.Kf2 Nc6 16.Qd2 Ne5 17.Qe3 Rfe8 
18.Rhe1 Bxf3 19.gxf3 Ng4+ 20.Kg3 Nxe3 21.Rxe3 
Rxe3 0-1

[Event "HCL-E1586"]
[Site "www.playchess.de"]
[Date "2006.02.19"]
[Round "5"]
[White "alldrix"]
[Black "yannick"]
[WhiteElo "1626"]
[BlackElo "1532"]
[PlyCount "58"]
[Result "1/2-1/2"]

1.e4 {:)}  d6 {hi}  2.d4 Nf6 3.Nc3 g6 4.Bc4 Nc6 
5.Nf3 Nxe4 6.Bxf7+ Kxf7 7.Nxe4 d5 8.Neg5+ Kg7 
9.Qe2 h6 10.Ne6+ Bxe6 11.Qxe6 Nb4 12.Ne5 Qe8 
13.Kd1 Rd8 14.Bf4 Rd6 15.Qg4 Qa4 16.b3 Qa3 17.Bc1 
Qa5 18.a3 Nc6 19.Nd3 h5 20.Qg3 h4 21.Qg4 Kg8 
22.Bf4 Qc3 23.Bxd6 Qxa1+ 24.Kd2 Bh6+ 25.Bf4 Bxf4+ 
26.Nxf4 Qxd4+ 27.Kc1 Qa1+ 28.Kd2 Qd4+ 29.Kc1 Qa1+ 
{(offering draw)}  1/2-1/2